00000000nam##2200000za#4500
0019.533232
003CaOODSP
00520200327072228
007ta
008150406|2000||||xxc|||||     f|0| 0 eng|d
020 |a0-660-61195-3
040 |aCaOODSP|beng
041 |aeng
041 |afre
043 |an-cn---
0861 |aBT31-2/2001-III-70
1101 |aCanada. |bTreasury Board.
24510|aTreasury Board of Canada, Secretariat
260 |aOttawa - Ontario : |bTreasury Board of Canada Secretariat |c2000.
300 |aEnglish text, 54p. : |borganization chart, tables ; |c28 cm.
4901 |a2000-2001 estimates, part III: report on plans and priorities
546 |aBilingual
563 |aSoftcover
590 |a00-14|b2000-04-07
69007|aEstimates|2gcpds
7760#|tTreasury Board of Canada Secretariat, 2000–2001 estimates, part III, report on plans and priorities |w(CaOODSP)9.567867
7760#|tSecrétariat du Conseil du Trésor du Canada, budget des dépenses 2000-2001, partie III, rapport sur les plans et les priorités |w(CaOODSP)9.599183
792 |tSecrétariat du Conseil du Trésor du Canada |efre|w(CaOODSP)9.533233
830#0|a2000-2001 estimates, part III: report on plans and priorities.|w(CaOODSP)9.508964